| 000 | 00410cam a2200169ua 4500 | ||
|---|---|---|---|
| 020 | _c1.25 | ||
| 041 |
_amal _h |
||
| 082 |
_a894.8121 _bGOP/IL |
||
| 100 | _aGopalakrishnan, Kolazhi . | ||
| 245 |
_aIllam Nira / _cKolazhy Gopalakrishnan. _hTextual Documents |
||
| 260 |
_aCalicut : _bP.K Brothers , _c1960. |
||
| 300 | _a96 ; . | ||
| 365 | _a1.25 | ||
| 504 | _a | ||
| 942 | _cBK | ||
| 999 |
_c1022 _d1022 |
||